00816nam a22002057a 450000500170000001000150001702000260003203500140005803700130007208200110008510000190009624501360011526000260025127000850027730000270036250000530038994200250044299900190046795201240048620180411114455.0 aENG-122505 a9789380574967c695.00 aEN-106037 bDBAD/PUB a338.17 aTrivedi, Jigna aNew paradigms of business plan for selected horticulture crops - :cby Jigna Trivediba practical textbook for entrepreseneurship / aDelhibBookwellc2017 a3/79, Nirankari Colony, bDelhie110009k91-11-27601283mbkwell@nde.vsnl.net.in, a115p.bill. c24cm(Hb) aIncludes bibliography, references [and] annexure 2ddccENmTRIh338.17 c150841d150841 001040718NFICaDBADbBL1d2018-04-06eDBAD/PUBg695.00l0o338.17 TRIpEN-106037r2018-04-06 00:00:00t1v695.00yEN